Lecturas de historia de las ideas politicas / (Record no. 7535)

MARC details
000 -LEADER
campo de control de longitud fija 00605nam a2200205 i 4500
001 - NÚMERO DE CONTROL
campo de control 7535
003 - IDENTIFICADOR DE NÚMERO DE CONTROL
campo de control ES-MaACL
005 - FECHA Y HORA DE LA ÚLTIMA TRANSACCIÓN
campo de control 20251220063018.0
007 - CAMPO FIJO DE DESCRIPCIÓN FÍSICA--INFORMACIÓN GENERAL
campo de control de longitud fija t|
008 - DATOS DE LONGITUD FIJA--INFORMACIÓN GENERAL
campo de control de longitud fija 910129s1989 sp ||||1| spa d
020 ## - NÚMERO INTERNACIONAL ESTÁNDAR DEL LIBRO
Número Internacional Estándar del Libro 84-7209-221-6
080 ## - NÚMERO DE LA CLASIFICACIÓN DECIMAL UNIVERSAL
Número de la Clasificación Decimal Universal 32(09)
100 0# - ENTRADA PRINCIPAL--NOMBRE DE PERSONA
Nombre de persona Prieto Martínez, Fernando
9 (RLIN) 93883
245 10 - MENCIÓN DEL TÍTULO
Título Lecturas de historia de las ideas politicas /
Mención de responsabilidad, etc. Fernando Prieto.
260 ## - PUBLICACIÓN, DISTRIBUCIÓN, ETC.
Lugar de publicación, distribución, etc. Madrid :
Nombre del editor, distribuidor, etc. Union Editorial,
Fecha de publicación, distribución, etc. cop. 1989.
300 ## - DESCRIPCIÓN FÍSICA
Extensión 517 p. ;
Dimensiones 24 cm.
650 ## - PUNTO DE ACCESO ADICIONAL DE MATERIA--TÉRMINO DE MATERIA
Término de materia o nombre geográfico como elemento de entrada Política-
Subdivisión de forma Historia.
9 (RLIN) 172015
852 ## - LOCALIZACIÓN
Ubicación ES-MaACL
Número de control de estantería L-14727
Sublocalización o colección R.118380
Nota libre . - rust.
Holdings
Estatus retirado Estado de pérdida Estado de daño No para préstamo Biblioteca de origen Biblioteca actual Ubicación en estantería Fecha de adquisición Fuente de adquisición Total de préstamos Signatura topográfica completa Código de barras Visto por última vez Precio de reemplazo Tipo de ítem Koha
        Biblioteca del Ateneo de Madrid Biblioteca del Ateneo de Madrid Depósito 2 17/01/2008     L-14727 1007688 23/02/2023 23/02/2023 Libro impreso